LEADER 01180nam a2200289 i 4500 001 000000142553 003 CaOOAMICUS 005 20050907000000.0 008 050907s1998 it u000 u ita u 013 $a117909 020 $a88-7188-149-4 040 $aSeMil$bita 100 1 $aPadrutt, Hanspeter.$0(OLS)http://semarc/name/57222 240 14$aDer epochale Winter-ZeitgemäBe Betrachtubgen.$0(OLS)http://semarc/title/208525 245 12$aL'inverno epocale :$bconsiderazioni attuali /$cHanspeter Padrutt. 260 $aNapoli :$bGuida,$c1998. 300 $a358 p. ;$c23 cm. 490 0 $aSaggi ;$v1 500 $aContiene : Indice dei nomi. 650 4$aUomo - Rapporti [con l'] Ambiente naturale.$0(OLS)http://semarc/subject/57862 830 0$aSaggi ;$v1.$0(OLS)http://semarc/title/341 850 $aSeMil 852 $aSeMil$W1$xVenegono$y1$m84 5 1 *$j95721$B95721$CSeMilBibl$Z2$F103032 $81 961 $aLascito: Corradi mons. Enrico 996 $6020$a88-7188-149-4$9(OLS)http://semarc/number/130919 996 $6245$aL'inverno epocale :$bconsiderazioni attuali$9(OLS)http://semarc/title/208524 996 $6260$aNapoli :$bGuida$9(OLS)http://semarc/publisher/31216 LEADER 01052nam a2200217 i 4500 001 000000073293 003 CaOOAMICUS 005 20090612000000.0 008 090612s1907 it u000 u ita u 013 $a44465 040 $aSeMil$bita 100 1 $aArdigò, Roberto.$0(OLS)http://semarc/name/548 245 13$aLa filosofia nel campo del sapere. 260 $aPadova :$bA. Draghi,$c1907. 300 $a258 p. ;$c23 cm. 500 $aContiene: Atto riflesso e atto volontario. I tre momenti critici della storia della gnostica della filosofia moderna. Il sogno della veglia. Tesi metafisica, ipotesi scientifica, fatto accertato. Il quadruplice problema della gnostica. Guardando il Rosso di una Rosa. 773 0 $tOpere filosofiche di Roberto Ardigò.$dPadova : A. Draghi, 1897$g10$w()694 850 $aSeMil 852 $aSeMil$W1$xVenegono$y1$m2Q V 31$j39445$B39445$CSeMilBibl$Z2$F39449 $81 996 $6245$aLa filosofia nel campo del sapere$9(OLS)http://semarc/title/118336 996 $6260$aPadova :$bA. Draghi$9(OLS)http://semarc/publisher/29966